| 000 | 00367nam a2200121Ia 4500 | ||
|---|---|---|---|
| 008 | 180305s9999 xx 000 0 und d | ||
| 020 | _a716660059 | ||
| 100 | _aAmos, Janine | ||
| 245 |
_cJanine Amos, Gerry Baile, Jenifer Fellows, Andrew Langley, Josiphine Paker _aParent Guide and Index/ |
||
| 260 |
_aUK _bChildcraft _c1990 |
||
| 300 | _a175 Pages | ||
| 440 | _vVol 16 | ||
| 999 |
_c356036 _d356036 |
||